00429 a2200145 4500001000700000003000400007005001700011008004100028082001900069245008200088260003600170300001000206700003100216700003600247132075OSt20211008164034.0  a305.8914bG51G1 aGlobal Indian diasporacedited by Ajaya Kumar Sahoo and Laxmi Narayan Kadekar aJaipurbRawat Publicationc2012 a232p. aSahoo, Ajaya KumareEditor1 aKadekar, Laxmi Narayan eEditor